000 00273nam a2200085Ia 4500
245 0 _aDNA in the courtroom : principles and practice
100 _a Meintjes-van der Walt, Lirieka, Cape Town, South Africa, 2010
942 _cBK
008 210817s9999 xx 000 0 und d
999 _c99234
_d99233